[Event "St-Chély d'Aubrac op"]
[Site "Saint-Chély d'Aubrac (12)"]
[Date "2008.07.18"]
[Round "8.19"]
[White "Griggio, Julie"]
[Black "Paris, Yannick"]
[Result "1-0"]
[WhiteElo "1760"]
[BlackElo "1793"]
[PlyCount "97"]
[EventDate "2008.07.??"]
[EventType "swiss"]
[EventRounds "9"]
[EventCountry "FRA"]

1. e4 d5 2. exd5 Nf6 3. Nc3 Nxd5 4. Nxd5 Qxd5 5. Qf3 c6 6. Qxd5 cxd5 7. b3 e5
8. Bb2 f6 9. O-O-O Bf5 10. d4 e4 11. f3 Nd7 12. g4 Bg6 13. Bg2 Kf7 14. Ne2 exf3
15. Bxf3 Nb6 16. Nc3 Rc8 17. a3 Bxa3 18. Rde1 Bb4 19. Re3 Bxc3 20. Rxc3 Rxc3
21. Bxc3 Rc8 22. Kd2 Rc7 23. Ra1 a6 24. Ra5 Ke6 25. Rc5 Rd7 26. Ba5 Na8 27. Rc8
b6 28. Rxa8 bxa5 29. Rxa6+ Ke7 30. Rxa5 Bf7 31. Ke3 g5 32. Rc5 Kd6 33. h3 Rc7
34. Rxc7 Kxc7 35. Kd3 Bg6+ 36. Kc3 Bf7 37. Kb4 Kb6 38. c4 dxc4 39. bxc4 Be8 40.
c5+ Kc7 41. Ka5 Bd7 42. d5 h5 43. d6+ Kd8 44. gxh5 Bxh3 45. Be4 f5 46. h6 fxe4
47. h7 e3 48. h8=Q+ Kd7 49. Qxh3+ 1-0

[Event "St-Chély d'Aubrac op"]
[Site "Saint-Chély d'Aubrac (12)"]
[Date "2008.07.18"]
[Round "8.20"]
[White "Saucey, Capucine"]
[Black "Desboeufs, Claude"]
[Result "1/2-1/2"]
[WhiteElo "1770"]
[BlackElo "1564"]
[PlyCount "47"]
[EventDate "2008.07.??"]
[EventType "swiss"]
[EventRounds "9"]
[EventCountry "FRA"]

1. e4 d6 2. d4 Nf6 3. Nc3 g6 4. Nf3 Bg7 5. Bd3 O-O 6. O-O Nc6 7. h3 Nd7 8. Be3
e5 9. d5 Ne7 10. Nh2 f5 11. f4 Nc5 12. Bxc5 dxc5 13. Bc4 Kh8 14. fxe5 Bxe5 15.
Nf3 Bxc3 16. bxc3 fxe4 17. Ng5 Nf5 18. Nxe4 Ne3 19. Rxf8+ Qxf8 20. Qe2 Qf4 21.
Nxc5 Bxh3 22. gxh3 Qg3+ 23. Kh1 Qxh3+ 24. Kg1 (24. Kg1 Rf8 $1 $19) 1/2-1/2

[Event "St-Chély d'Aubrac op"]
[Site "Saint-Chély d'Aubrac (12)"]
[Date "2008.07.18"]
[Round "8.21"]
[White "Cuq, Christian"]
[Black "Meyer, Bernard"]
[Result "1-0"]
[WhiteElo "1680"]
[BlackElo "1370"]
[PlyCount "59"]
[EventDate "2008.07.??"]
[EventType "swiss"]
[EventRounds "9"]
[EventCountry "FRA"]

1. e4 e5 2. Nf3 Nc6 3. Bb5 Nf6 4. d3 a6 5. Ba4 b5 6. Bb3 Be7 7. Bg5 d6 8. O-O
Bg4 9. Nbd2 O-O 10. Qc1 Rb8 11. c3 Re8 12. Nh4 Nd7 13. Bxe7 Qxe7 14. Nf5 Bxf5
15. exf5 Nf6 16. Ne4 Red8 17. Ng3 d5 18. Re1 b4 19. Ba4 Rd6 20. c4 dxc4 21.
dxc4 Qd7 22. c5 Rd3 23. Qc4 Ra8 24. Bxc6 Qxc6 25. Qxd3 Qxc5 26. Ne4 Qe7 27.
Nxf6+ Qxf6 28. Qe4 Re8 29. Rac1 Qd6 30. Qc6 1-0

[Event "St-Chély d'Aubrac op"]
[Site "Saint-Chély d'Aubrac (12)"]
[Date "2008.07.18"]
[Round "8.22"]
[White "Roignot, Vincent"]
[Black "Saucey, Milena"]
[Result "1-0"]
[WhiteElo "1540"]
[BlackElo "1580"]
[PlyCount "73"]
[EventDate "2008.07.??"]
[EventType "swiss"]
[EventRounds "9"]
[EventCountry "FRA"]

1. e4 e5 2. Nf3 Nc6 3. Nc3 Nf6 4. Bb5 d6 5. h3 Bd7 6. O-O g6 7. d3 Bg7 8. Bg5
a6 9. Ba4 b5 10. Bb3 O-O 11. Qd2 Na5 12. Bh6 Nxb3 13. axb3 Re8 14. Rfe1 Bh8 15.
Ne2 Bg7 16. c4 Kh8 17. Bxg7+ Kxg7 18. Ng3 Ng8 19. d4 Bc6 20. dxe5 dxe5 21. Qxd8
Raxd8 22. Rxa6 Bd7 23. Rd1 bxc4 24. bxc4 Bc8 25. Rxd8 Rxd8 26. Ra8 Rd1+ 27. Kh2
Be6 28. b3 f6 29. Ra7 Rd7 30. Rb7 Ne7 31. Ne2 Nc6 32. Rb5 Rd3 33. Rc5 Rd6 34.
Nc3 Rd3 35. Rxc6 Rxc3 36. Rxe6 Rxb3 37. Re7+ 1-0

[Event "St-Chély d'Aubrac op"]
[Site "Saint-Chély d'Aubrac (12)"]
[Date "2008.07.18"]
[Round "8.23"]
[White "Schneider, Alec"]
[Black "Veys, Vincent"]
[Result "1/2-1/2"]
[WhiteElo "1199"]
[BlackElo "1530"]
[PlyCount "71"]
[EventDate "2008.07.??"]
[EventType "swiss"]
[EventRounds "9"]
[EventCountry "FRA"]

1. e4 e5 2. Nf3 Nc6 3. d3 Nf6 4. Be2 Bc5 5. Bg5 h6 6. Bh4 O-O 7. Nc3 Be7 8.
Bxf6 Bxf6 9. O-O d6 10. Nd5 Be6 11. Nxf6+ Qxf6 12. Qd2 Ne7 13. d4 Ng6 14. d5
Bd7 15. c4 Nf4 16. Rac1 Qg6 17. g3 Nxe2+ 18. Qxe2 Bg4 19. Qe3 Qh5 20. Nh4 a6
21. f3 Bd7 22. Ng2 Rac8 23. c5 dxc5 24. Qxc5 Bb5 25. Rf2 Qg5 26. Qe3 Qe7 27.
Qc5 Qd7 28. Rfc2 Rfe8 29. b3 b6 30. Qe3 a5 31. a4 Ba6 32. Nh4 Qh3 33. Ng2 Qd7
34. Nh4 Bb7 35. Nf5 Ba8 36. d6 1/2-1/2

[Event "St-Chély d'Aubrac op"]
[Site "Saint-Chély d'Aubrac (12)"]
[Date "2008.07.18"]
[Round "8.24"]
[White "Seewer, Kevin"]
[Black "Causse, Michel"]
[Result "1-0"]
[WhiteElo "1399"]
[BlackElo "1380"]
[PlyCount "71"]
[EventDate "2008.07.??"]
[EventType "swiss"]
[EventRounds "9"]
[EventCountry "FRA"]

1. d4 d5 2. Nf3 Nc6 3. e3 Nf6 4. Be2 Bg4 5. O-O e6 6. Nbd2 Be7 7. b3 O-O 8. Bb2
a6 9. c4 Na7 10. Rc1 c6 11. Qc2 Bxf3 12. Nxf3 Rc8 13. Bd3 Ne4 14. Bxe4 dxe4 15.
Qxe4 Bf6 16. Rfd1 Qc7 17. Ne5 Rcd8 18. Ng4 Be7 19. d5 Rd6 20. dxc6 f5 21. Qe5
Rxd1+ 22. Rxd1 Qxe5 23. Nxe5 Nxc6 24. Nxc6 bxc6 25. Rd7 Re8 26. Ra7 Rd8 27. h3
Rd1+ 28. Kh2 Rd2 29. Rxe7 Rxb2 30. Rxe6 Rxa2 31. Rxc6 Kf8 32. c5 Ke8 33. Rc7
Kf8 34. c6 Rb2 35. Rb7 Rc2 36. c7 1-0

[Event "St-Chély d'Aubrac op"]
[Site "Saint-Chély d'Aubrac (12)"]
[Date "2008.07.18"]
[Round "8.26"]
[White "Schneider, Martin"]
[Black "Caparros, Nina"]
[Result "0-1"]
[WhiteElo "1199"]
[BlackElo "1199"]
[PlyCount "46"]
[EventDate "2008.07.??"]
[EventType "swiss"]
[EventRounds "9"]
[EventCountry "FRA"]

1. e4 c5 2. Nc3 Nc6 3. Nf3 g6 4. d3 Bg7 5. Be3 d6 6. Qd2 Ne5 7. Be2 Ng4 8. h3
Nxe3 9. fxe3 Nf6 10. d4 Nd7 11. O-O-O O-O 12. g4 a6 13. b3 b5 14. Nd5 b4 15.
Bc4 Qa5 16. Kb2 Qa3+ 17. Kb1 cxd4 18. exd4 Bb7 19. Nxe7+ Kh8 20. Nd5 Nc5 21. e5
Ne4 22. Qg2 Nc3+ 23. Nxc3 bxc3 0-1

[Event "St-Chély d'Aubrac op"]
[Site "Saint-Chély d'Aubrac (12)"]
[Date "2008.07.18"]
[Round "8.27"]
[White "Muheim, Jane"]
[Black "Colombo, Maceo"]
[Result "1-0"]
[WhiteElo "1190"]
[BlackElo "1099"]
[PlyCount "25"]
[EventDate "2008.07.??"]
[EventType "swiss"]
[EventRounds "9"]
[EventCountry "FRA"]

1. d4 d5 2. c4 e6 3. Nf3 Nf6 4. e3 Bd6 5. Bd3 O-O 6. O-O c5 7. b3 Nc6 8. Nbd2
Re8 9. Bb2 Nb4 10. Qb1 Bb8 11. a3 Nxd3 12. Qxd3 Qc7 13. g3 {
Miraculeusement un B se retrouve au 13ème coup noir en h3....} 1-0

[Event "8ème Open International de St-Chély d'A"]
[Site "Saint-Chély d'Aubrac (Aveyron"]
[Date "2008.07.19"]
[Round "9.1"]
[White "Netzer, Jacques"]
[Black "Degraeve, Jean-Marc"]
[Result "0-1"]
[WhiteElo "2116"]
[BlackElo "2523"]
[PlyCount "56"]

1. e4 e5 2. Nf3 d6 3. d4 exd4 4. Nxd4 Nf6 5. Nc3 Be7 6. Bb5+ c6 7. Be2 O-O 8.
O-O Re8 9. Bf4 Bf8 10. Bf3 Nbd7 11. g3 Ne5 12. Bg2 Bg4 13. f3 Bd7 14. b3 h6 15.
Qd2 Ng6 16. Be3 d5 17. exd5 Bb4 18. dxc6 bxc6 19. f4 Qa5 20. Nde2 Rad8 21. a3
Bxc3 22. Nxc3 Bh3 23. Qe1 Ng4 24. Nd1 Qh5 25. Bxh3 Qxh3 26. Qe2 Ne7 27. Qg2
Qxg2+ 28. Kxg2 Rxd1 0-1

[Event "8ème Open International de St-Chély d'A"]
[Site "Saint-Chély d'Aubrac (Aveyron"]
[Date "2008.07.19"]
[Round "9.2"]
[White "Sokolov, Andrei"]
[Black "Saucey, Michel"]
[Result "1-0"]
[WhiteElo "2561"]
[BlackElo "2348"]
[PlyCount "63"]

1. e4 g6 2. d4 Bg7 3. Nc3 d6 4. Be3 a6 5. Bc4 b5 6. Bb3 Bb7 7. Nf3 e6 8. d5 e5
9. a4 b4 10. Ne2 a5 11. O-O Nf6 12. Ng3 Ng4 13. Bg5 Bf6 14. Bd2 h5 15. h3 h4
16. Ne2 Nh6 17. Bc4 Nd7 18. Nc1 Kf8 19. Nd3 Be7 20. Qc1 Kg7 21. Ng5 Nb6 22. Bb5
Rc8 23. f4 Bxg5 24. fxg5 Ng8 25. Qe1 Rh7 26. Rf3 Kf8 27. Qf2 Nxd5 28. Rf1 Qe7
29. exd5 Bxd5 30. Re3 Be6 31. Nxe5 dxe5 32. Rxe5 1-0

[Event "8ème Open International de St-Chély d'A"]
[Site "Saint-Chély d'Aubrac (Aveyron"]
[Date "2008.07.19"]
[Round "9.3"]
[White "Furrer, Marc"]
[Black "Riff, Jean-Noel"]
[Result "0-1"]
[WhiteElo "2121"]
[BlackElo "2481"]
[PlyCount "70"]

1. Nh3 e5 2. f3 Nc6 3. Nf2 d5 4. e3 Bd6 5. c3 Nf6 6. d3 a5 7. g3 Qe7 8. Bg2 h6
9. O-O O-O 10. Re1 Re8 11. Nd2 Be6 12. Nf1 Rad8 13. Bd2 e4 14. fxe4 dxe4 15. d4
Bf5 16. g4 Bg6 17. Ng3 Bxg3 18. hxg3 Nh7 19. Nh3 Ng5 20. Nf4 Qd6 21. Rf1 Ne5
22. Nxg6 Nxg6 23. Be1 Ne5 24. Rf4 Nd3 25. Rf5 Nxb2 26. Qe2 Nd3 27. Rxa5 b6 28.
Rb5 g6 29. a4 Ra8 30. a5 Rxa5 31. Raxa5 bxa5 32. Rxa5 Rb8 33. Kh2 Rb1 34. Bd2
Qf6 35. Rxg5 hxg5 0-1

[Event "8ème Open International de St-Chély d'A"]
[Site "Saint-Chély d'Aubrac (Aveyron"]
[Date "2008.07.19"]
[Round "9.4"]
[White "Karpatchev, Aleksandr"]
[Black "Muller, Anne"]
[Result "1-0"]
[WhiteElo "2460"]
[BlackElo "2179"]
[PlyCount "93"]

1. e4 c5 2. c3 d5 3. exd5 Qxd5 4. d4 e6 5. Nf3 Nf6 6. Na3 Nc6 7. Be3 cxd4 8.
Nb5 Qd8 9. Nbxd4 Nxd4 10. Bxd4 Be7 11. Bd3 O-O 12. Qc2 h6 13. O-O-O Qa5 14. Kb1
Rd8 15. Ne5 Bd7 16. g4 Bb5 17. Bxb5 Qxb5 18. h4 Nd7 19. c4 Qa5 20. Bc3 Qc7 21.
Rxd7 Rxd7 22. g5 h5 23. Qe2 Bd6 24. Nxd7 Qxd7 25. Qxh5 Rc8 26. Qe2 Qc6 27. Rd1
Bf8 28. h5 Qc5 29. Be5 Be7 30. f4 Rd8 31. Rc1 f6 32. gxf6 Bxf6 33. Qg4 Qe7 34.
h6 Bxe5 35. fxe5 Qf7 36. Rg1 Rd7 37. Qxg7+ Qxg7 38. Rxg7+ Rxg7 39. hxg7 Kxg7
40. Kc2 Kf7 41. Kc3 Ke7 42. c5 Kd7 43. Kc4 Kc6 44. b4 a6 45. a4 Kc7 46. b5 Kd7
47. c6+ 1-0

[Event "8ème Open International de St-Chély d'A"]
[Site "Saint-Chély d'Aubrac (Aveyron"]
[Date "2008.07.19"]
[Round "9.5"]
[White "Nass, Emile"]
[Black "Roignot, Pierre"]
[Result "1-0"]
[WhiteElo "2105"]
[BlackElo "2029"]
[PlyCount "129"]

1. d4 d5 2. Nf3 c6 3. g3 e6 4. Bg2 Nf6 5. O-O Nbd7 6. Nbd2 Be7 7. c4 b6 8. Re1
O-O 9. e4 dxe4 10. Nxe4 Bb7 11. Nc3 Bb4 12. Bd2 Rc8 13. a3 Bxc3 14. Bxc3 Qc7
15. Ne5 Nxe5 16. Rxe5 Nd7 17. Re1 Ba8 18. Qg4 Nf6 19. Qh4 Ne8 20. c5 Qd8 21.
Qf4 Nf6 22. Rac1 Nd5 23. Qe5 Qf6 24. Bd2 Qxe5 25. dxe5 Rfd8 26. Red1 Rd7 27.
Kf1 Bb7 28. Ke1 h6 29. Be3 b5 30. Bd2 Rcd8 31. Ba5 Rc8 32. a4 a6 33. f4 g6 34.
Ke2 Kf8 35. Be4 Ke7 36. Kf3 h5 37. h3 Rh8 38. Rh1 Kf8 39. Rcd1 Kg7 40. g4 hxg4+
41. hxg4 Rxh1 42. Rxh1 Ne7 43. Bc3 Nd5 44. Rd1 Bc8 45. Bc2 b4 46. Bd4 a5 47. f5
Ba6 48. f6+ Kg8 49. Be3 Bc8 50. Bh6 Nc7 51. Rd6 Rxd6 52. cxd6 Na6 53. Be3 c5
54. Bd3 Bb7+ 55. Kf4 Nb8 56. Bb5 Bc6 57. Bxc6 Nxc6 58. d7 c4 59. Ke4 Kh7 60. g5
c3 61. bxc3 bxc3 62. Bc1 Kg8 63. Ke3 Kh7 64. Ba3 Kg8 65. Be7 1-0

[Event "8ème Open International de St-Chély d'A"]
[Site "Saint-Chély d'Aubrac (Aveyron"]
[Date "2008.07.19"]
[Round "9.6"]
[White "Desboeufs, Alexandre"]
[Black "Baeumlin, Francois"]
[Result "1/2-1/2"]
[WhiteElo "2026"]
[BlackElo "1995"]
[PlyCount "47"]

1. e4 c5 2. Nc3 Nc6 3. g3 g6 4. Bg2 Bg7 5. d3 Rb8 6. f4 e6 7. Be3 Nd4 8. Qd2
Ne7 9. Nd1 b6 10. c3 Ndc6 11. Nf3 d5 12. O-O O-O 13. exd5 exd5 14. d4 c4 15. h3
h5 16. Bf2 Nf5 17. Ne5 Nce7 18. Ne3 Nxe3 19. Bxe3 f6 20. Nf3 Bf5 21. Rfe1 Qd7
22. Bf2 Kf7 23. Nh4 Be6 24. Re3 1/2-1/2

[Event "8ème Open International de St-Chély d'A"]
[Site "Saint-Chély d'Aubrac (Aveyron"]
[Date "2008.07.19"]
[Round "9.7"]
[White "Rabier, Jean"]
[Black "Muheim, Sebastien"]
[Result "0-1"]
[WhiteElo "1914"]
[BlackElo "2013"]
[PlyCount "84"]

1. e4 c5 2. Nf3 d6 3. Bb5+ Nd7 4. c3 Ngf6 5. d3 e6 6. O-O Be7 7. Re1 O-O 8. d4
Qc7 9. h3 a6 10. Bd3 b5 11. Be3 Bb7 12. Nbd2 Rfd8 13. Rc1 Nf8 14. Bb1 c4 15.
Qc2 e5 16. Nh2 Ne6 17. f3 Nh5 18. Ndf1 Bg5 19. Qf2 Bxe3 20. Qxe3 Nhf4 21. Rcd1
Qe7 22. Qf2 h5 23. Ne3 g6 24. Kh1 Qf6 25. d5 Nc5 26. Rg1 Nfd3 27. Bxd3 Nxd3 28.
Qc2 Bc8 29. b3 Qf4 30. bxc4 bxc4 31. Nxc4 Nc5 32. Rb1 a5 33. Nb6 Rb8 34. Nxc8
Rdxc8 35. Rxb8 Rxb8 36. Rb1 Rxb1+ 37. Qxb1 Qd2 38. Nf1 Qe2 39. Ng3 Qf2 40. Qb8+
Kg7 41. Qxd6 Nd3 42. Kh2 h4 0-1

[Event "8ème Open International de St-Chély d'A"]
[Site "Saint-Chély d'Aubrac (Aveyron"]
[Date "2008.07.19"]
[Round "9.8"]
[White "Stepenko, Roman"]
[Black "Tanguy, Fabien"]
[Result "1/2-1/2"]
[WhiteElo "1580"]
[BlackElo "2062"]
[PlyCount "99"]

1. e4 Nf6 2. e5 Nd5 3. c4 Nb6 4. d4 d6 5. exd6 exd6 6. Nf3 Nc6 7. Be2 Be7 8.
Nc3 Bf5 9. a3 O-O 10. O-O Bf6 11. Be3 Na5 12. Nd2 Re8 13. Rc1 Re7 14. d5 Bxc3
15. Rxc3 Qe8 16. b4 Na4 17. Qc1 Nxc3 18. Qxc3 Nc6 19. dxc6 bxc6 20. Bf3 Bd7 21.
Nb3 d5 22. cxd5 cxd5 23. Bxd5 Rc8 24. Bxa7 Bb5 25. Bc4 c6 26. Be3 Re4 27. Bxb5
cxb5 28. Nc5 Rc4 29. Qd3 Rd8 30. Qb3 Rg4 31. Rd1 Ra8 32. Qd3 h5 33. f3 Rg6 34.
Bf2 Qe5 35. Qe4 Qxe4 36. Nxe4 Rxa3 37. Bc5 Rxf3 38. Rd8+ Kh7 39. Rb8 Rb3 40.
Nd2 Rb2 41. Nf3 Rgxg2+ 42. Kf1 Rgc2 43. Rxb5 Rb1+ 44. Ne1 Rxh2 45. Bg1 Rhb2 46.
Bc5 g5 47. Be7 f6 48. Bxf6 Rxb4 49. Rxb4 Rxb4 50. Bxg5 1/2-1/2

[Event "8ème Open International de St-Chély d'A"]
[Site "Saint-Chély d'Aubrac (Aveyron"]
[Date "2008.07.19"]
[Round "9.9"]
[White "Duffau, Pascal"]
[Black "Boulier, Rene"]
[Result "1-0"]
[WhiteElo "2019"]
[BlackElo "1924"]
[PlyCount "123"]

1. Nf3 b6 2. g3 Bb7 3. Bg2 Nf6 4. O-O e6 5. c4 c5 6. d4 cxd4 7. Qxd4 Nc6 8. Qf4
Be7 9. Rd1 O-O 10. e4 Rc8 11. e5 Ne8 12. Nc3 a6 13. Qd2 d6 14. b3 Nxe5 15. Nxe5
Bxg2 16. Kxg2 dxe5 17. Qxd8 Rxd8 18. Rxd8 Bxd8 19. Ba3 f6 20. Bxf8 Kxf8 21. Rd1
Ke7 22. b4 Nd6 23. c5 bxc5 24. bxc5 Nf5 25. Ne2 Bc7 26. Kf3 Nh6 27. h3 Nf7 28.
Ke3 g5 29. Rd3 Nd8 30. Ra3 a5 31. Rd3 Nc6 32. Rd1 h5 33. a3 Ke8 34. Kd3 Kd7 35.
Kc4+ Kc8 36. Kb5 Kb7 37. Rd7 Na7+ 38. Kc4 Nc6 39. Rh7 e4 40. Nd4 Nxd4 41. Kxd4
Kc6 42. a4 e3 43. Kxe3 Be5 44. f4 gxf4+ 45. gxf4 Bb2 46. Rxh5 e5 47. fxe5 fxe5
48. Ke4 Kxc5 49. Rxe5+ Bxe5 50. Kxe5 Kb4 51. h4 Kxa4 52. h5 Kb3 53. h6 a4 54.
h7 a3 55. h8=Q Kb2 56. Ke4+ Kb1 57. Qh1+ Kb2 58. Qg2+ Kb1 59. Qf1+ Kb2 60. Qe2+
Kb1 61. Kd3 a2 62. Qc2+ 1-0

[Event "8ème Open International de St-Chély d'A"]
[Site "Saint-Chély d'Aubrac (Aveyron"]
[Date "2008.07.19"]
[Round "9.10"]
[White "Kiecken, Jean-Marc"]
[Black "Joli, Laurent"]
[Result "1-0"]
[WhiteElo "1978"]
[BlackElo "1911"]
[PlyCount "55"]

1. Nf3 Nc6 2. b3 d5 3. Bb2 Bd7 4. e3 e6 5. a3 Nf6 6. d4 Be7 7. Bd3 a6 8. O-O
O-O 9. Nbd2 Re8 10. c4 Bf8 11. Qc2 g6 12. Rac1 Rc8 13. b4 Bg7 14. b5 dxc4 15.
Bxc4 axb5 16. Bxb5 Nd5 17. Rfd1 Nxd4 18. Nxd4 Bxd4 19. Bxd7 Bxb2 20. Qxb2 Qxd7
21. Ne4 Qa4 22. Rxd5 exd5 23. Nf6+ Kf8 24. Nxh7+ Ke7 25. Qf6+ Kd7 26. Qxf7+ Re7
27. Qxd5+ Ke8 28. Nf6+ 1-0

[Event "8ème Open International de St-Chély d'A"]
[Site "Saint-Chély d'Aubrac (Aveyron"]
[Date "2008.07.19"]
[Round "9.12"]
[White "Carno, Matthias"]
[Black "Labarthe, Arnaud"]
[Result "1-0"]
[WhiteElo "1956"]
[BlackElo "1899"]
[PlyCount "101"]

1. e4 d5 2. exd5 Nf6 3. Bb5+ Bd7 4. Bc4 b5 5. Bb3 a5 6. a3 Bg4 7. f3 Bc8 8. d3
a4 9. Ba2 Nxd5 10. c4 bxc4 11. dxc4 Nf6 12. Qxd8+ Kxd8 13. Nc3 e6 14. Bf4 Bd6
15. Rd1 Ke7 16. Nge2 Bxf4 17. Nxf4 g5 18. Nd3 g4 19. f4 Bb7 20. O-O Nbd7 21. f5
Ne4 22. Nb5 c6 23. Nc7 Rac8 24. fxe6 Ndf6 25. exf7 Rxc7 26. c5 Rd7 27. Rfe1 Ba6
28. Ne5 Rxd1 29. Nxc6+ Kd7 30. Ne5+ Kc7 31. Rxd1 Nxc5 32. Rd4 Bc8 33. Rf4 Nfd7
34. Nxd7 Nxd7 35. Rxg4 Rd8 36. Rxa4 Nf8 37. Ra7+ Kd6 38. Kf2 Be6 39. Bxe6 Kxe6
40. b4 Nd7 41. a4 Rf8 42. Ra6+ Kd5 43. Ra7 Rxf7+ 44. Ke3 Re7+ 45. Kf4 h6 46. g4
Rf7+ 47. Kg3 Kc4 48. Rb7 Ne5 49. Rxf7 Nxf7 50. a5 Kb5 51. a6 1-0

[Event "8ème Open International de St-Chély d'A"]
[Site "Saint-Chély d'Aubrac (Aveyron"]
[Date "2008.07.19"]
[Round "9.13"]
[White "Lagunes, Robin"]
[Black "Lagunes, Jean-Renaud"]
[Result "0-1"]
[WhiteElo "1825"]
[BlackElo "2047"]
[PlyCount "106"]

1. e4 d6 2. d4 Nf6 3. Nc3 g6 4. Be3 c6 5. f3 Nbd7 6. Nge2 b5 7. d5 cxd5 8. Nxd5
Bb7 9. Nef4 a6 10. c4 bxc4 11. Qa4 Nxd5 12. Nxd5 Bxd5 13. exd5 Bg7 14. Bxc4
Bxb2 15. Rb1 Bc3+ 16. Kf2 O-O 17. Rhc1 Ba5 18. Bb3 Nc5 19. Qd4 Bb6 20. Bc2 Rb8
21. Qc4 Qc7 22. Qg4 Qd7 23. Qg5 Na4 24. Bxb6 Nxb6 25. h4 Kg7 26. h5 f6 27. Qd2
Na4 28. hxg6 Rxb1 29. Rxb1 h6 30. Rh1 Rh8 31. Qd4 Nc5 32. g4 Qc7 33. f4 Ne6 34.
Qe4 Nxf4 35. Bb1 Qc5+ 36. Kg3 Nxd5 37. Rd1 Rb8 38. Rc1 Qe3+ (38... Qxc1 39.
Qxd5 Qe3+ 40. Kh4 Qg5+) 39. Qxe3 Nxe3 40. Re1 Nd5 41. Be4 Rb5 42. Bf5 e5 43.
Rc1 Rc5 44. Rb1 Nc7 45. Rb8 d5 46. Rd8 e4 47. Rd7+ Kg8 48. Rd8+ Kg7 49. Kh4 Rc1
50. Rd7+ Kg8 51. Rd8+ Kg7 52. Rd7+ Kg8 53. Kh5 Rh1# 0-1

[Event "8ème Open International de St-Chély d'A"]
[Site "Saint-Chély d'Aubrac (Aveyron"]
[Date "2008.07.19"]
[Round "9.14"]
[White "Marie, Olivier"]
[Black "Huin, Eric"]
[Result "0-1"]
[WhiteElo "1520"]
[BlackElo "1956"]
[PlyCount "54"]

1. d4 Nf6 2. c4 g6 3. Nc3 Bg7 4. Bg5 d6 5. e3 c6 6. Qc2 Qa5 7. Bh4 Bf5 8. Qd2
Qc7 9. f3 e5 10. g4 Bc8 11. dxe5 dxe5 12. O-O-O O-O 13. Bg3 Be6 14. Kb1 Na6 15.
h4 Rad8 16. Qh2 Rxd1+ 17. Nxd1 Rd8 18. Nc3 Qa5 19. Qc2 e4 20. Kc1 Nb4 21. Qb3
b5 22. Be2 Nd3+ 23. Bxd3 Rxd3 24. Bf4 Bxc4 25. Qc2 Nd5 26. Nge2 Nb4 27. Bc7
Qxc7 0-1

[Event "8ème Open International de St-Chély d'A"]
[Site "Saint-Chély d'Aubrac (Aveyron"]
[Date "2008.07.19"]
[Round "9.15"]
[White "Mourgues, Joelle"]
[Black "Robert, Thierry"]
[Result "1-0"]
[WhiteElo "1767"]
[BlackElo "1862"]
[PlyCount "93"]

1. Nf3 Nf6 2. g3 e6 3. Bg2 d5 4. d3 c5 5. O-O Nc6 6. c3 Be7 7. Nbd2 O-O 8. e4
Qc7 9. Qe2 b6 10. Re1 Bb7 11. a4 a6 12. h3 Rfe8 13. Nh2 Bf8 14. f4 dxe4 15.
dxe4 e5 16. f5 Red8 17. Ng4 Nxg4 18. Qxg4 f6 19. Bf1 a5 20. Bc4+ Kh8 21. Nf1
Ba6 22. Bd5 Bxf1 23. Kxf1 Ra7 24. Be3 Ne7 25. Bc4 Raa8 26. Qf3 Rd6 27. g4 Rad8
28. h4 Ng8 29. g5 Qd7 30. Kf2 Be7 31. Bd5 Qe8 32. Rg1 Qf8 33. Rab1 Rb8 34. b4
axb4 35. cxb4 cxb4 36. Qe2 Rdd8 37. Rgc1 Bc5 38. Bxc5 bxc5 39. a5 Qe7 40. g6
hxg6 41. fxg6 f5 42. Qh5+ Nh6 43. Qg5 Qa7 44. Bc4 Qxa5 45. exf5 Nxf5 46. Qxf5
Rf8 47. Bf7 1-0

[Event "8ème Open International de St-Chély d'A"]
[Site "Saint-Chély d'Aubrac (Aveyron"]
[Date "2008.07.19"]
[Round "9.16"]
[White "De Biasi, Robert"]
[Black "Griggio, Julie"]
[Result "1/2-1/2"]
[WhiteElo "1799"]
[BlackElo "1760"]
[PlyCount "48"]

1. c4 e5 2. Nc3 Nc6 3. g3 Bb4 4. Bg2 Nf6 5. e3 O-O 6. Nge2 d6 7. a3 Bxc3 8.
Nxc3 Bg4 9. f3 Be6 10. d3 Qd7 11. O-O Bh3 12. Qe2 Bxg2 13. Qxg2 d5 14. cxd5
Nxd5 15. Qe2 Rfd8 16. Rd1 Nb6 17. b4 a5 18. b5 Na7 19. a4 c6 20. bxc6 Qxc6 21.
Bb2 f6 22. Rdc1 Qd6 23. Rd1 Qc6 24. Rdc1 Qd6 1/2-1/2

[Event "8ème Open International de St-Chély d'A"]
[Site "Saint-Chély d'Aubrac (Aveyron"]
[Date "2008.07.19"]
[Round "9.17"]
[White "Desboeufs, Claude"]
[Black "Griggio, Jean-Paul"]
[Result "0-1"]
[WhiteElo "1564"]
[BlackElo "1798"]
[PlyCount "80"]

1. c4 f5 2. Nc3 Nf6 3. d4 e6 4. Nf3 d6 5. g3 Be7 6. Bg2 O-O 7. O-O c6 8. b3 h6
9. Be3 Qe8 10. Qc1 Qh5 11. h3 Nbd7 12. Nh2 d5 13. c5 Nh7 14. f4 g5 15. Qe1 Kh8
16. g4 Qg6 17. Kh1 Nhf6 18. Bf3 Ne4 19. Rc1 Ndf6 20. gxf5 exf5 21. Rg1 Rg8 22.
Nd1 Rg7 23. Rg2 Be6 24. Qg1 Rag8 25. Nf2 Qf7 26. Qe1 Nxf2+ 27. Rxf2 g4 28. hxg4
fxg4 29. Rg2 gxf3 30. Rxg7 Qxg7 31. Qf2 Qg2+ 32. Qxg2 fxg2+ 33. Kg1 Ng4 34.
Nxg4 Rxg4 35. Kh2 Bf5 36. Rg1 Be4 37. Kh3 Rh4+ 38. Kg3 Rh1 39. Kg4 h5+ 40. Kg3
Bh4# 0-1

[Event "8ème Open International de St-Chély d'A"]
[Site "Saint-Chély d'Aubrac (Aveyron"]
[Date "2008.07.19"]
[Round "9.18"]
[White "Saucey, Capucine"]
[Black "Cuq, Christian"]
[Result "1-0"]
[WhiteElo "1770"]
[BlackElo "1680"]
[PlyCount "54"]

1. e4 d5 2. exd5 Qxd5 3. Nc3 Qa5 4. d4 Bf5 5. Bc4 Nf6 6. Nf3 e6 7. Bd2 c6 8.
O-O Bd6 9. Ne4 Qd8 10. Nxd6+ Qxd6 11. Re1 O-O 12. c3 Nbd7 13. Ne5 Nd5 14. Qf3
N7f6 15. g4 Bg6 16. h4 h6 17. h5 Bh7 18. g5 Nd7 19. gxh6 Nxe5 20. dxe5 Qd7 21.
hxg7 Kxg7 22. Bxd5 Rg8 23. Kh2 Qxd5 24. Rg1+ Kf8 25. Bh6+ Ke8 26. Rxg8+ Bxg8
27. Qxd5 cxd5 1-0

[Event "8ème Open International de St-Chély d'A"]
[Site "Saint-Chély d'Aubrac (Aveyron"]
[Date "2008.07.19"]
[Round "9.19"]
[White "Barillet, Lucien"]
[Black "Messinger, Karl"]
[Result "0-1"]
[WhiteElo "1750"]
[BlackElo "1703"]
[PlyCount "84"]

1. c4 e5 2. Nc3 Nf6 3. Nf3 Nc6 4. g3 d5 5. cxd5 Nxd5 6. Bg2 Be6 7. a3 Be7 8.
O-O O-O 9. d3 h6 10. Qc2 f5 11. Rb1 a5 12. e4 Nb6 13. Ne2 Qd7 14. Rd1 Rfd8 15.
Be3 a4 16. Qc3 Bf6 17. Rd2 Rac8 18. d4 fxe4 19. dxe5 Nd5 20. Rxd5 Bxd5 21. Rd1
exf3 22. Bxf3 Qe6 23. Nf4 Qxe5 24. Qxe5 Bxe5 25. Bxd5+ Kh8 26. Ng6+ Kh7 27.
Nxe5 Nxe5 28. Be4+ Kh8 29. Rd4 Rxd4 30. Bxd4 Nc6 31. Bxc6 bxc6 32. Bc3 Kg8 33.
Kf1 Re8 34. h4 Kf7 35. Bd4 g6 36. Be3 h5 37. Ke2 Ke6 38. f3 Kd5 39. Kd3 c5 40.
Kd2 Rb8 41. Kc2 Rb3 42. Bf4 c6 0-1

[Event "8ème Open International de St-Chély d'A"]
[Site "Saint-Chély d'Aubrac (Aveyron"]
[Date "2008.07.19"]
[Round "9.20"]
[White "Manser, Lucas"]
[Black "Seewer, Kevin"]
[Result "1/2-1/2"]
[WhiteElo "1740"]
[BlackElo "1399"]
[PlyCount "34"]

1. e4 e5 2. Nf3 Nc6 3. Nc3 Nf6 4. d4 exd4 5. Nxd4 d6 6. Bb5 Bd7 7. O-O Nxd4 8.
Bxd7+ Qxd7 9. Qxd4 Be7 10. Bf4 c5 11. Qd3 O-O 12. Rfe1 Rfe8 13. Qb5 Rad8 14.
Qxd7 Nxd7 15. Nb5 a6 16. Nxd6 Bxd6 17. Bxd6 c4 1/2-1/2

[Event "8ème Open International de St-Chély d'A"]
[Site "Saint-Chély d'Aubrac (Aveyron"]
[Date "2008.07.19"]
[Round "9.21"]
[White "Martinez, Loic"]
[Black "Roignot, Vincent"]
[Result "1-0"]
[WhiteElo "1737"]
[BlackElo "1540"]
[PlyCount "37"]

1. e4 e5 2. Nf3 Nc6 3. d4 exd4 4. Bc4 h6 5. c3 dxc3 6. O-O d6 7. Nxc3 Be6 8.
Bxe6 fxe6 9. Qb3 b6 10. Qxe6+ Qe7 11. Qc4 Qd7 12. e5 dxe5 13. Nxe5 Nxe5 14. Qe4
Qc6 15. Qxe5+ Kd8 16. Rd1+ Kc8 17. Bf4 Nf6 18. Nb5 Ne8 19. Rac1 1-0